| 000 | 00379cam a2200133 4500 | ||
|---|---|---|---|
| 001 | L133726 | ||
| 008 | 060606n2006 000 0 eng u | ||
| 020 | _a1841408107 | ||
| 035 | _a(Sirsi) u133726 | ||
| 245 | _aFinancial reporting exposure draft: proposed amendment to FRS17 'retirement benefits' | ||
| 260 |
_aAccounting Standards Board _c2006 |
||
| 350 | _a5.00 | ||
| 942 | _n0 | ||
| 999 |
_c105462 _d105462 |
||